Best Power Forwards NBA 2023 - Statistics

General Stats
  • This quiz has been taken 290 times
  • The average score is 9 of 10
Answer Stats
# Hint Answer % Correct
1 Bucks Giannis Antetokounmpo
100%
4 Lakers Anthony Davis
99%
3 Celtics Jayson Tatum
99%
2 Nets Kevin Durant
99%
5 Pelicans Zion Williamson
97%
6 Raptors Pascal Siakam
96%
7 Kings Domantas Sabonis
91%
9 Cavaliers Evan Mobley
83%
10 Hawks John Collins
79%
8 Raptors Scottie Barnes
77%
No matching quizzes found
Score Distribution
Percent of People with Each Score
Percentile by Number Answered
Your Score History
You have not taken this quiz